| 000 | 00688nam a2200133Ia 4500 | ||
|---|---|---|---|
| 008 | 171212s9999 xx 000 0 und d | ||
| 020 | _a9780833039491 | ||
| 100 | _aBernstein, Mark A.;Kim, Julie;Sorensen, Paul;Hanson, Mark;Overton, Adrian | ||
| 245 |
_cBernstein, Mark A.;Kim, Julie;Sorensen, Paul;Hanson, Mark;Overton, Adrian _aRebuilding Housing Along the Mississippi Coast _bIdeas for Ensuring an Adequate Supply of Affordable Housing |
||
| 260 |
_bRAND Corporation _c2006 |
||
| 650 | _aLow-income housing -- Government policy -- Mississippi -- Delta (Region); Hurricane Katrina, 2005 | ||
| 650 | _aManagement & Organizational Behavior | ||
| 856 | _uwww.jstor.org/stable/10.7249/op162rc | ||
| 999 |
_c352470 _d352470 |
||